Statistiques concernant Drapeaux avec une couleur changée #2

Cliquez ici pour prendre le quiz!

Statistiques générales

  • Ce quiz a été pris 211 fois
  • Le résultat moyen est 10 sur 12

Statistiques - réponses

Pays% Correct
Corée du Sud
99%
Israël
99%
Kenya
97%
Slovénie
94%
Andorre
90%
Ouganda
86%
Rép dém du Congo
82%
Mauritanie
79%
Suriname
74%
Grenade
71%
Tuvalu
66%
Salomon
60%

Distribution des résultats

Percentile par nombre de réponses

% des personnes avec chaque résultat

Votre développement - résultats

Vous n’avez pas pris ce quiz